LEADER 01084nam 22003133 450 001 9910146184703321 005 20200324122355.0 010 $a88-8063-465-8 035 $a(CKB)1000000000279848 035 $a(ItFiC)it 05616093 035 $a(EXLCZ)991000000000279848 100 $a20060828d2005 uy 0 101 0 $aita 200 00$aRavenna e i suoi fantasmi$b[electronic resource] $eun racconto dimenticato di Vernon Lee e note sull'immagine e l'immaginario di una citta? /$fa cura di Eraldo Baldini, Sara Trevisan ; testi di Eraldo Baldini ... [et al.] 210 $aRavenna $cLongo$d2005 215 $a147 p 225 0$aStoria 300 $aIncl. Ravenna and her ghosts, short story by Vernon Lee (1856-1935), in Italian transl. 300 $aRavenna (Emilia Romagna). 517 $aRavenna e i suoi fantasmi 676 $a823 701 $aBaldini$b Eraldo$0184274 701 $aTrevisan$b Sara$01022739 801 0$bItFiC 801 1$bItFiC 906 $aBOOK 912 $a9910146184703321 996 $aRavenna e i suoi fantasmi$92429491 997 $aUNINA